[Event "Wch U18 Girls"]
[Site "Montesilvano"]
[Date "2023.11.23"]
[Round "10"]
[White "Zubova, Darja"]
[Black "Menon, Gauri"]
[Result "0-1"]
[WhiteElo "1582"]
[BlackElo "1821"]
[PlyCount "56"]
[EventDate "2023.11.13"]
[EventType "swiss"]
[EventRounds "11"]
[EventCountry "ITA"]
[SourceTitle "CB48_2023"]
[SourceDate "2023.11.29"]
[SourceVersion "1"]
[SourceVersionDate "2023.11.29"]
[SourceQuality "1"]

1. e4 c5 2. Nf3 e6 3. c3 d5 4. exd5 Qxd5 5. d4 Nf6 6. Nbd2 Nc6 7. Bc4 Qd8 8. Nb3 cxd4 9. Nbxd4 Bc5 10. Bg5 Nxd4 11. Nxd4 0-0 12. 0-0 Qc7 13. Bd3 Bxd4 14. cxd4 Qa5 15. Bf4 Bd7 16. Re1 Qh5 17. f3 Nd5 18. Bg3 Qg5 19. Re4 Bc6 20. Rh4 h6 21. Qe1 Qe3+ 22. Qxe3 Nxe3 23. Rh5 Rfd8 24. Re1 Nd5 25. Bf2 Nf4 26. d5 exd5 27. Bh4 Nxh5 28. Bxd8 Rxd8 0-1

[Event "Wch U18 Girls"]
[Site "Montesilvano"]
[Date "2023.11.13"]
[Round "1"]
[White "Menon, Gauri"]
[Black "Hrebenshchykova, Yelyzaveta"]
[Result "0-1"]
[WhiteElo "1821"]
[BlackElo "2292"]
[PlyCount "54"]
[EventDate "2023.11.13"]
[EventType "swiss"]
[EventRounds "11"]
[EventCountry "ITA"]
[SourceTitle "CB48_2023"]
[SourceDate "2023.11.29"]
[SourceVersion "1"]
[SourceVersionDate "2023.11.29"]
[SourceQuality "1"]

1. d4 Nf6 2. c4 g6 3. Nc3 d5 4. cxd5 Nxd5 5. e4 Nxc3 6. bxc3 c5 7. Be3 Bg7 8. Rc1 Qa5 9. Qd2 0-0 10. Nf3 Nc6 11. d5 Rd8 12. Bd3 Bg4 13. c4 Qa3 14. Bb1 Bxf3 15. gxf3 Bb2 16. Rc2 Nd4 17. Bxd4 Qxf3 18. Rxb2 Qxh1+ 19. Ke2 cxd4 20. Qf4 b6 21. e5 Rac8 22. Be4 Qa1 23. Rc2 e6 24. d6 d3+ 25. Bxd3 Rc5 26. Qh4 Rxe5+ 27. Kf3 Rxd6 0-1

[Event "Indianapolis Premier"]
[Site "Indianapolis"]
[Date "2021.09.26"]
[Round "5"]
[White "Mills, James A"]
[Black "Menon, Gauri"]
[Result "1-0"]
[WhiteElo "1964"]
[BlackElo "1627"]
[PlyCount "97"]
[EventDate "2021.09.24"]
[EventType "swiss"]
[EventRounds "5"]
[EventCountry "USA"]
[SourceTitle "CBM 204 Extra"]
[Source "ChessBase"]
[SourceDate "2021.11.30"]
[SourceVersion "1"]
[SourceVersionDate "2021.11.30"]
[SourceQuality "1"]

1. c4 e5 2. Nc3 Bc5 3. Nf3 Nc6 4. e3 d6 5. a3 a5 6. b3 Bg4 7. Be2 f5 8. h3 Bxf3 9. Bxf3 Nf6 10. Bb2 0-0 11. 0-0 e4 12. Be2 Ne5 13. d4 exd3 14. Bxd3 Nxd3 15. Qxd3 Qd7 16. Na4 Ba7 17. Bxf6 Rxf6 18. Qd5+ Kh8 19. Qxb7 Rff8 20. Rad1 Qf7 21. Rd3 f4 22. exf4 Qxf4 23. Rf3 Qd4 24. Nc3 Rab8 25. Rxf8+ Rxf8 26. Nb5 Rb8 27. Qxb8+ Bxb8 28. Nxd4 Ba7 29. Nc6 Bc5 30. b4 axb4 31. axb4 Bb6 32. Rc1 Kg8 33. c5 dxc5 34. bxc5 Bxc5 35. Rxc5 Kf7 36. Nd4 Kf6 37. f4 g6 38. Rxc7 h5 39. Rc6+ Kf7 40. Nf3 Kg7 41. Ng5 h4 42. Rc7+ Kg8 43. Ne6 Kh8 44. Kf2 Kg8 45. Kf3 Kh8 46. Kg4 g5 47. Kh5 g4 48. Kg6 gxh3 49. Rc8# 1-0